000 00704nam a2200289Ia 4500
005 20260324124829.0
008 008 260324s9999 xx 000 0 eng d
020 _a9781315067117
037 _aEBOOK
040 _aCRL
040 _beng
040 _cCRL
041 _2eng
041 _aeng
084 _qCRL
100 _aWorldwatch Institute
_9338796
245 0 _aState of the World 2010
245 0 _bTransforming Cultures from Consumerism to Sustainability
260 _bTaylor and Francis
260 _c2010
365 _a
365 _b230
856 _uhttp://www.taylorfrancis.com/books/9781315067117
942 _cEBOOK
999 _c1770398
_d1770398